000 00882nam a22002777i 4500
003 URS
005 20251001091315.0
008 180605s1984 ph ||||| |||| 00| 0 eng d
020 _a971080632-7
040 _erda
_cURS
_beng
050 1 4 _aHM 51
_bG1651 1984
100 1 _aGarcia, Manuel B.
_eauthor
245 1 0 _aSociology :
_bfocus on Filipino and culture /
_cManuel B. Garcia, Francisco M. Zulueta, Cynthia T. Cantativo.
264 1 _aMetro Manila :
_bNational Book Store,
_c[date of publication not identified].
264 4 _c©1984
300 _axiii, 320 pages ;
_c22 cm
336 _2rdacontent
_atext
337 _2rdamedia
_aunmediated
338 _2rdacarrier
_avolume
500 _aIncludes index
650 0 _aSociology
650 0 _aCulture
_zPhilippines
700 1 _aZulueta, Francisco M.
_eauthor
700 1 _aCaritativo, Cynthia T.
_eauthor
942 _cF
_2lcc
999 _c87006
_d87004